Statistiques concernant Un maillot = un club

Cliquez ici pour prendre le quiz!

Statistiques générales

  • Ce quiz a été pris 83 fois
  • Le résultat moyen est 6 sur 16

Statistiques - réponses

Réponse% Correct
Bordeaux
91%
AC Milan
74%
Salzbourg
67%
Valence
64%
Sporting
55%
Monaco
54%
Tigres
54%
Leverkusen
44%
Young Boys
41%
Al Hilal
22%
Luton Town
22%
Red Star
17%
Hertha Berlin
13%
Nottingham Forest
12%
Cercle de Bruges
10%
Shakhtar
10%

Distribution des résultats

Percentile par nombre de réponses

% des personnes avec chaque résultat

Votre développement - résultats

Vous n’avez pas pris ce quiz